Statistics for Words ending with -scent

Click here to take the quiz!

General Stats

  • This quiz has been taken 21 times
    (8 since last reset)
  • The average score is 8 of 16

Answer Stats

HintAnswer% Correct
glowing briefly as a result of absorption of light and its reemissionfluorescent
100%
developing into an adultadolescent
75%
a moon where less than half of it is illuminatedcrescent
75%
able to produce bubbleseffervescent
75%
glowing without the emission of heatluminescent
75%
relating to the recollection of a forgotten memoryreminiscent
75%
inclined to allow demandsacquiescent
50%
without a stemacaulescent
25%
becoming grey or white, as if by agecanescent
25%
growing together; combiningcoalescent
25%
glowing with intense heatincandescent
25%
having a rainbow-like colour as a result of refractioniridescent
25%
falling out of useobsolescent
25%
having a glow of light as if from withinpearlescent
25%
glowing as a result of absorption of light and its reemission for a long timephosphorescent
25%
becoming oldsenescent
25%

Score Distribution

Percentile by Number Answered

Percent of People with Each Score

Your Score History

You have not taken this quiz since the last reset